| 000 | 00515nam a2200169 a 4500 | ||
|---|---|---|---|
| 001 | 000028257 | ||
| 005 | 20240320074002.0 | ||
| 008 | 110407s1994 dr 000 0 spa d | ||
| 040 |
_aDO-SdBNP _bspa _cBNPHU |
||
| 082 |
_axxx _bB446c |
||
| 100 | 1 |
_aBello Peguero, Rafael, _d1932-2022 _92405 |
|
| 245 | 1 | 0 |
_aCiertas cuestiones de ética sexual / _cRafael Bello Peguero. |
| 260 |
_aSanto Domingo : _bAmigo del Hogar, _c1994. |
||
| 300 |
_a47 p. ; _c23 cm. |
||
| 500 | _aIncluye notas al pie de páginas | ||
| 049 | _aBNPD | ||
| 999 |
_c27749 _d27749 |
||